История Отечества: Краткий очерк; Вып. 2

Bibliographic Details
Language:Russian
Published: Москва, 1992
Subjects:
Format: Book
KOHA link:https://koha.lib.tpu.ru/cgi-bin/koha/opac-detail.pl?biblionumber=15868

MARC

LEADER 00000nam0a2200000 4500
001 15868
005 20241126063146.0
010 |a 525400441X 
035 |a (RuTPU)RU\TPU\book\15985 
035 |a BOOK00000673 
090 |a 15868 
100 |a 20011209d1992 m y0rusy50 ca 
101 0 |a rus 
102 |a RU 
105 |a y j 000zy 
200 1 |a История Отечества  |h Вып. 2  |e Краткий очерк 
210 |a Москва  |d 1992 
215 |a 64 с. 
606 |a Россия  |x История  |7 ca  |8 rus  |9 81526 
610 1 |a СССР 
610 1 |a учебные пособия 
686 |a Т3(2)  |2 rubbk 
801 0 |a RU  |b 63413507  |c 20011209  |g PSBO 
801 2 |a RU  |b 63413507  |c 20110511  |g PSBO 
942 |c BK